[Event "Leuven op 15th"]
[Site "Leuven"]
[Date "2003.11.08"]
[Round "3"]
[White "Ooms, Andy"]
[Black "Berry, Stephen H"]
[Result "0-1"]
[WhiteElo "2180"]
[BlackElo "2325"]
[PlyCount "82"]
[EventDate "2003.11.07"]
[EventType "swiss"]
[EventRounds "9"]
[EventCountry "BEL"]
[SourceTitle "EXT 2004"]
[Source "ChessBase"]
[SourceDate "2003.11.25"]
[SourceVersion "1"]
[SourceVersionDate "2003.11.25"]
[SourceQuality "1"]

1. d4 Nf6 2. Nf3 d6 3. g3 Nbd7 4. Bg2 e5 5. c4 Be7 6. O-O O-O 7. Qc2 Re8 8. b4
Bf8 9. Rd1 c6 10. e4 a5 11. b5 cxb5 12. cxb5 d5 13. Nxe5 Nxe4 14. Nd2 Nxd2 15.
Qxd2 Nb6 16. Qf4 Be6 17. a4 Rc8 18. Bd2 f6 19. Ng4 Nc4 20. Ne3 Nxe3 21. fxe3 b6
22. Rdc1 Qd7 23. Bf1 Bf7 24. Bd3 Bg6 25. Bxg6 hxg6 26. Qf1 Qe6 27. Qd3 f5 28.
Rxc8 Rxc8 29. Rc1 Rc4 30. Rxc4 dxc4 31. Qc2 Kh7 32. Kf2 Qd5 33. Qd1 Bb4 34. Bc1
c3 35. g4 Qa2+ 36. Qe2 Qb1 37. gxf5 Qxf5+ 38. Qf3 Qc2+ 39. Kg3 Qxc1 40. Kf4
Bd6+ 41. Ke4 Qc2+ 0-1

[Event "Leuven op 15th"]
[Site "Leuven"]
[Date "2003.11.09"]
[Round "5"]
[White "Renette, Hans"]
[Black "Berry, Stephen H"]
[Result "0-1"]
[WhiteElo "2177"]
[BlackElo "2325"]
[PlyCount "110"]
[EventDate "2003.11.07"]
[EventType "swiss"]
[EventRounds "9"]
[EventCountry "BEL"]
[SourceTitle "EXT 2004"]
[Source "ChessBase"]
[SourceDate "2003.11.25"]
[SourceVersion "1"]
[SourceVersionDate "2003.11.25"]
[SourceQuality "1"]

1. d4 Nf6 2. Nf3 d6 3. g3 Nbd7 4. Bg2 e5 5. O-O Be7 6. c4 O-O 7. Nc3 c6 8. e4
Re8 9. d5 cxd5 10. cxd5 b5 11. Re1 a6 12. b3 Nb6 13. Be3 Bd7 14. a3 Qb8 15. Qd3
Rc8 16. Rec1 Qb7 17. h3 Bd8 18. Kh2 Be8 19. Nh4 g6 20. Bg5 Nfd7 21. Bxd8 Nc5
22. Qe3 Rxd8 23. Rab1 Qe7 24. Nf3 Rdc8 25. Nd2 Rc7 26. f4 f6 27. fxe5 fxe5 28.
h4 Rac8 29. Nf3 Bd7 30. Ne2 Bg4 31. Rf1 Nbd7 32. Kg1 Nf6 33. Nh2 Bd7 34. Qg5
Kg7 35. h5 Nxd5 36. h6+ Kg8 37. Qd2 Nf6 38. Nc3 Be6 39. Qf2 Rf8 40. b4 Ncd7 41.
Qd2 Nb6 42. Rbc1 Nc4 43. Qd3 Rcc8 44. Rc2 Qa7+ 45. Kh1 Qe3 46. Qd1 Qxg3 47. Rf3
Qh4 48. Kg1 Qxh6 49. Rcf2 Nh5 50. Nd5 Rxf3 51. Qxf3 Bxd5 52. exd5 Rf8 53. Ng4
Qc1+ 54. Rf1 Qxf1+ 55. Kxf1 Nd2+ 0-1

[Event "Leuven op 15th"]
[Site "Leuven"]
[Date "2003.11.10"]
[Round "6"]
[White "Berry, Stephen H"]
[Black "Torre, Eugenio"]
[Result "0-1"]
[WhiteElo "2325"]
[BlackElo "2520"]
[PlyCount "127"]
[EventDate "2003.11.07"]
[EventType "swiss"]
[EventRounds "9"]
[EventCountry "BEL"]
[SourceTitle "EXT 2004"]
[Source "ChessBase"]
[SourceDate "2003.11.25"]
[SourceVersion "1"]
[SourceVersionDate "2003.11.25"]
[SourceQuality "1"]

1. e4 Nf6 2. e5 Nd5 3. d4 d6 4. c4 Nb6 5. exd6 exd6 6. Nc3 Be7 7. Bd3 Nc6 8.
Nge2 Bg4 9. Be3 O-O 10. O-O Nb4 11. b3 Nxd3 12. Qxd3 Qd7 13. Ng3 d5 14. c5 Nc8
15. Bf4 a6 16. Rae1 Bh4 17. h3 Be6 18. Re5 Ne7 19. Bd2 Bf6 20. Ree1 g6 21. Bf4
Nc6 22. Be5 Nxe5 23. dxe5 Be7 24. Na4 f6 25. exf6 Bxf6 26. Re2 Rae8 27. Rfe1
Bg7 28. Nc3 c6 29. Nb1 Qf7 30. Nd2 Bd7 31. Nf3 Rxe2 32. Rxe2 Qf4 33. Re3 Re8
34. Rxe8+ Bxe8 35. Qe2 Kf7 36. h4 Bf6 37. h5 Bd7 38. hxg6+ hxg6 39. Qc2 Bg4 40.
Nh2 Bc8 41. Nf3 Qb4 42. Qc1 Bg4 43. Nh2 Qd4 44. Nxg4 Qxg4 45. Qc2 Qb4 46. Qc1
Be7 47. Qh6 Qd4 48. Qh7+ Qg7 49. Qh3 Bxc5 50. Qc8 Kf6 51. Ne2 Qe7 52. Kf1 Kf7
53. Nf4 Bd6 54. Qg4 Bxf4 55. Qxf4+ Kg7 56. g3 c5 57. Qd2 Qe5 58. Qc2 Qa1+ 59.
Kg2 Qd4 60. Kf1 b5 61. Qe2 Qe4 62. Qd2 d4 63. Qa5 d3 64. Qd2 0-1

[Event "Leuven op 15th"]
[Site "Leuven"]
[Date "2003.11.10"]
[Round "7"]
[White "Berry, Stephen H"]
[Black "Duhayon, Yves"]
[Result "1/2-1/2"]
[WhiteElo "2325"]
[BlackElo "2215"]
[PlyCount "37"]
[EventDate "2003.11.07"]
[EventType "swiss"]
[EventRounds "9"]
[EventCountry "BEL"]
[SourceTitle "EXT 2004"]
[Source "ChessBase"]
[SourceDate "2003.11.25"]
[SourceVersion "1"]
[SourceVersionDate "2003.11.25"]
[SourceQuality "1"]

1. e4 e5 2. Nf3 Nc6 3. Bb5 Nge7 4. Nc3 g6 5. d4 exd4 6. Nd5 Bg7 7. Bg5 h6 8.
Bf6 Bxf6 9. Nxf6+ Kf8 10. Qd2 d6 11. O-O-O Kg7 12. Nxd4 Kxf6 13. Qc3 Nxd4 14.
Qxd4+ Ke6 15. Qc4+ Kf6 16. Qd4+ Ke6 17. Qc4+ Kf6 18. Qd4+ Ke6 19. Qc4+ 1/2-1/2

[Event "Cotswold op"]
[Site "Cheltenham"]
[Date "2004.05.29"]
[Round "1"]
[White "Beveridge, Nigel"]
[Black "Berry, Stephen H"]
[Result "0-1"]
[WhiteElo "2028"]
[BlackElo "2325"]
[PlyCount "74"]
[EventDate "2004.05.29"]
[EventType "swiss"]
[EventRounds "6"]
[EventCountry "ENG"]
[SourceTitle "EXT 2007"]
[Source "ChessBase"]
[SourceDate "2006.11.23"]
[SourceVersion "1"]
[SourceVersionDate "2006.11.23"]
[SourceQuality "1"]

1. c4 e5 2. Nc3 d6 3. g3 f5 4. Bg2 Nf6 5. d3 Be7 6. e4 c6 7. Nge2 O-O 8. O-O
Na6 9. Rb1 Be6 10. b3 Qd7 11. d4 Qe8 12. f4 Qh5 13. Qd2 fxe4 14. Ba3 e3 15. Qc1
Ng4 16. h3 Nf2 17. Qxe3 Nxh3+ 18. Bxh3 Bxh3 19. Rf2 Rae8 20. Rh2 exd4 21. Qxd4
Bf6 22. Qf2 Nc5 23. Rd1 Bxc3 24. Nxc3 Ne4 25. Qe2 Qxe2 26. Nxe2 Bg4 27. Rd3 Rf6
28. Nd4 Nc5 29. Rdd2 h5 30. Kg2 Re3 31. Kf2 Rc3 32. Bxc5 dxc5 33. Ne2 Rf3+ 34.
Kg2 Re6 35. Rh1 Rfe3 36. Ng1 Rc3 37. Nh3 Bf3+ 0-1

[Event "Cotswold op"]
[Site "Cheltenham"]
[Date "2004.05.30"]
[Round "3"]
[White "Taylor, Graham C"]
[Black "Berry, Stephen H"]
[Result "0-1"]
[WhiteElo "2160"]
[BlackElo "2325"]
[PlyCount "84"]
[EventDate "2004.05.29"]
[EventType "swiss"]
[EventRounds "6"]
[EventCountry "ENG"]
[SourceTitle "EXT 2007"]
[Source "ChessBase"]
[SourceDate "2006.11.23"]
[SourceVersion "1"]
[SourceVersionDate "2006.11.23"]
[SourceQuality "1"]

1. e4 Nf6 2. e5 Nd5 3. d4 d6 4. c4 Nb6 5. Nf3 Bg4 6. exd6 cxd6 7. Be2 e6 8. O-O
Be7 9. Be3 O-O 10. a4 Nc6 11. b3 a5 12. Nc3 d5 13. c5 Nd7 14. Rc1 b6 15. cxb6
Qxb6 16. Nb5 Rfc8 17. Qd2 Nf6 18. Bd3 Bxf3 19. gxf3 Ne8 20. Kh1 Nd6 21. Rg1
Nxb5 22. axb5 Na7 23. Bh6 g6 24. Rxc8+ Rxc8 25. Qe2 Bf6 26. Rg4 Bxd4 27. Rxd4
Qxd4 28. Be3 Qe5 29. Qd2 Nxb5 30. Bxb5 d4 31. Qxd4 Qxb5 32. Kg2 Qf5 33. Bh6 e5
34. Qd2 e4 35. fxe4 Qxe4+ 36. Kg1 Re8 37. Be3 Qf5 38. Bh6 Qe6 39. Be3 Qxb3 40.
Qxa5 Qd1+ 41. Kg2 Qg4+ 42. Kf1 h5 0-1

[Event "Cotswold op"]
[Site "Cheltenham"]
[Date "2004.05.30"]
[Round "4"]
[White "Berry, Stephen H"]
[Black "Beaumont, Chris"]
[Result "1/2-1/2"]
[WhiteElo "2325"]
[BlackElo "2336"]
[PlyCount "66"]
[EventDate "2004.05.29"]
[EventType "swiss"]
[EventRounds "6"]
[EventCountry "ENG"]
[SourceTitle "EXT 2007"]
[Source "ChessBase"]
[SourceDate "2006.11.23"]
[SourceVersion "1"]
[SourceVersionDate "2006.11.23"]
[SourceQuality "1"]

1. e4 g6 2. d4 Bg7 3. Nf3 d6 4. Bc4 Nc6 5. O-O Nf6 6. d5 Nb8 7. e5 dxe5 8. Nxe5
O-O 9. Nc3 c6 10. dxc6 Nxc6 11. Nxc6 bxc6 12. Bf4 Bf5 13. Bb3 Ne4 14. Nxe4 Bxe4
15. Qe2 Bd5 16. Be5 f6 17. Bc3 e5 18. Rad1 Rf7 19. Qa6 Kh8 20. Bxe5 fxe5 21. c4
Rd7 22. cxd5 cxd5 23. Qe6 d4 24. Rfe1 Rd6 25. Qg4 Qf6 26. Bc4 Rf8 27. f3 Bh6
28. Re4 Bf4 29. b3 h5 30. Qh3 Kg7 31. Bd3 Qg5 32. Re2 Qd8 33. Rc2 Qe7 1/2-1/2

[Event "Cotswold op"]
[Site "Cheltenham"]
[Date "2004.05.31"]
[Round "6"]
[White "Berry, Stephen H"]
[Black "Sugden, John N"]
[Result "1-0"]
[WhiteElo "2325"]
[BlackElo "2180"]
[PlyCount "97"]
[EventDate "2004.05.29"]
[EventType "swiss"]
[EventRounds "6"]
[EventCountry "ENG"]
[SourceTitle "EXT 2007"]
[Source "ChessBase"]
[SourceDate "2006.11.23"]
[SourceVersion "1"]
[SourceVersionDate "2006.11.23"]
[SourceQuality "1"]

1. e4 c5 2. Nf3 e6 3. d3 Nc6 4. g3 d5 5. Nbd2 g6 6. Bg2 Bg7 7. O-O Nge7 8. Re1
O-O 9. c3 Qc7 10. Qe2 e5 11. exd5 Nxd5 12. Nc4 Bg4 13. h3 Bxf3 14. Qxf3 Rad8
15. a4 h6 16. Qe2 Kh7 17. h4 h5 18. a5 Rfe8 19. Bg5 f6 20. Be4 fxg5 21. Qxh5+
Kg8 22. Bxg6 Nf6 23. Qxg5 Re7 24. h5 Nh7 25. Bxh7+ Kxh7 26. Qg6+ Kh8 27. h6 Bf8
28. Re4 Qd7 29. Rg4 Qe6 30. Qe4 Qd5 31. a6 Qxe4 32. dxe4 b5 33. Ne3 Re6 34. Kg2
Ne7 35. Ra5 Rb8 36. Ra1 Rbb6 37. Rg5 Bxh6 38. Rh1 Rxa6 39. Ng4 Kh7 40. Nxh6
Rxh6 41. Rxe5 Ng6 42. Rxh6+ Kxh6 43. Rxc5 Rb6 44. b4 a6 45. f4 Nf8 46. Kf3 Nd7
47. Rc7 Nf6 48. e5 Nd5 49. Rd7 1-0

[Event "Paignton Premier"]
[Site "Paignton"]
[Date "2004.09.04"]
[Round "1"]
[White "Berry, Stephen H"]
[Black "Ponter, Ian"]
[Result "1-0"]
[WhiteElo "2325"]
[BlackElo "2092"]
[PlyCount "111"]
[EventDate "2004.09.11"]
[EventType "swiss"]
[EventRounds "7"]
[EventCountry "ENG"]
[SourceTitle "EXT 2006"]
[Source "ChessBase"]
[SourceDate "2005.11.24"]
[SourceVersion "1"]
[SourceVersionDate "2005.11.24"]
[SourceQuality "1"]

1. e4 e5 2. Nf3 Nc6 3. Bb5 a6 4. Bxc6 dxc6 5. O-O Ne7 6. Nxe5 Qd4 7. Qh5 g6 8.
Qg5 Bg7 9. Nd3 Be6 10. Re1 h6 11. Qe3 Qd7 12. Nc5 Qc8 13. Nc3 b6 14. Nxe6 Qxe6
15. d3 O-O-O 16. Qe2 Kb7 17. Be3 f5 18. f3 g5 19. a4 Ng6 20. a5 b5 21. Rad1
Bxc3 22. bxc3 Rhg8 23. c4 f4 24. Bf2 h5 25. cxb5 cxb5 26. d4 g4 27. d5 gxf3 28.
Qxf3 Qd6 29. e5 Nxe5 30. Qxf4 Nc4 31. Qxd6 Rxd6 32. Re7 Rgd8 33. Bg3 R6d7 34.
Rde1 Kc8 35. h4 Rg8 36. Kh2 Kd8 37. Rxd7+ Kxd7 38. Re6 Rb8 39. Rxa6 Ne3 40. d6
Nf1+ 41. Kh3 Nxg3 42. Kxg3 Rg8+ 43. Kf3 c6 44. Ra7+ Kxd6 45. Rh7 Ra8 46. Rxh5
Rxa5 47. Rg5 Ra2 48. h5 Rxc2 49. h6 Rc1 50. Rh5 Rf1+ 51. Ke4 Rf8 52. g4 b4 53.
g5 Ke6 54. g6 Kf6 55. Rf5+ Ke7 56. g7 1-0

[Event "Paignton Premier"]
[Site "Paignton"]
[Date "2004.09.05"]
[Round "2"]
[White "Heppell, Ian"]
[Black "Berry, Stephen H"]
[Result "1-0"]
[WhiteElo "2119"]
[BlackElo "2325"]
[PlyCount "53"]
[EventDate "2004.09.11"]
[EventType "swiss"]
[EventRounds "7"]
[EventCountry "ENG"]
[SourceTitle "EXT 2006"]
[Source "ChessBase"]
[SourceDate "2005.11.24"]
[SourceVersion "1"]
[SourceVersionDate "2005.11.24"]
[SourceQuality "1"]

1. e4 e5 2. Nf3 Nc6 3. d4 exd4 4. c3 dxc3 5. Bc4 d6 6. Nxc3 Nf6 7. Qb3 Qd7 8.
Ng5 Ne5 9. Bb5 c6 10. f4 cxb5 11. fxe5 dxe5 12. Be3 a5 13. O-O a4 14. Qxb5 Bd6
15. Qe2 Ra5 16. Rad1 Qc6 17. Nd5 Nxd5 18. exd5 Qd7 19. Rxf7 Qg4 20. Qf1 h6 21.
h3 Qh4 22. Rc1 Bc5 23. Bxc5 Qxg5 24. Rf8+ Rxf8 25. Qxf8+ Kd7 26. Qd6+ Ke8 27.
Rf1 1-0

[Event "Paignton Premier"]
[Site "Paignton"]
[Date "2004.09.06"]
[Round "3"]
[White "Berry, Stephen H"]
[Black "Gregory, Keith D"]
[Result "1-0"]
[WhiteElo "2325"]
[BlackElo "2087"]
[PlyCount "75"]
[EventDate "2004.09.11"]
[EventType "swiss"]
[EventRounds "7"]
[EventCountry "ENG"]
[SourceTitle "EXT 2006"]
[Source "ChessBase"]
[SourceDate "2005.11.24"]
[SourceVersion "1"]
[SourceVersionDate "2005.11.24"]
[SourceQuality "1"]

1. e4 g6 2. d4 d6 3. Nf3 Bg7 4. Bc4 c6 5. Bb3 Nf6 6. Nbd2 O-O 7. O-O d5 8. e5
Ne8 9. Re1 Na6 10. c3 Nac7 11. Nf1 f6 12. h3 Be6 13. Ng3 Qd7 14. Bc2 Bf7 15. b3
Ne6 16. h4 fxe5 17. Nxe5 Bxe5 18. Rxe5 Nf6 19. Bh6 Rfe8 20. Qe2 Ng7 21. Re1 Qg4
22. Qd2 Qxh4 23. Bg5 Qg4 24. Rxe7 Ngh5 25. Bd1 Qc8 26. Bxh5 Nxh5 27. Nxh5 gxh5
28. Rxe8+ Bxe8 29. Bf6 Qf5 30. Qh6 Qg6 31. Qf4 Qg4 32. Qd6 Qd7 33. Qb4 a5 34.
Qb6 a4 35. Re7 Ra6 36. Qb4 c5 37. Qxc5 Qc6 38. Rg7+ 1-0

[Event "Paignton Premier"]
[Site "Paignton"]
[Date "2004.09.07"]
[Round "4"]
[White "Almond, Richard"]
[Black "Berry, Stephen H"]
[Result "1/2-1/2"]
[WhiteElo "2113"]
[BlackElo "2325"]
[PlyCount "108"]
[EventDate "2004.09.11"]
[EventType "swiss"]
[EventRounds "7"]
[EventCountry "ENG"]
[SourceTitle "EXT 2006"]
[Source "ChessBase"]
[SourceDate "2005.11.24"]
[SourceVersion "1"]
[SourceVersionDate "2005.11.24"]
[SourceQuality "1"]

1. d4 Nf6 2. c4 e6 3. Nc3 Bb4 4. Qc2 O-O 5. a3 Bxc3+ 6. Qxc3 d6 7. Bg5 Nbd7 8.
Nf3 b6 9. g3 Bb7 10. Bg2 h6 11. Bxf6 Nxf6 12. O-O Qe7 13. b4 Rae8 14. Rfd1 Be4
15. Rac1 Bf5 16. c5 Nd5 17. Qe1 Be4 18. Nh4 Bxg2 19. Nxg2 f5 20. Nf4 Nxf4 21.
gxf4 Kh8 22. Rd3 bxc5 23. dxc5 e5 24. fxe5 dxe5 25. Qd2 Qh4 26. Rg3 f4 27. Rg2
Rd8 28. Qc3 Rd4 29. Kh1 Qd8 30. Qf3 e4 31. Qc3 f3 32. exf3 Rxf3 33. Qb2 Qd5 34.
Rcg1 Rf7 35. Qc1 Kh7 36. Qc3 g5 37. Qh3 Rd3 38. Qh5 e3 39. fxe3 Rxe3 40. a4
Ref3 41. b5 Rf2 42. Qh3 R2f3 43. Qh5 Rf1 44. Qe2 Rxg1+ 45. Kxg1 Qxc5+ 46. Kh1
Qd4 47. Rg4 Qf6 48. Rc4 Kg7 49. Rc1 Re7 50. Qd3 Qf4 51. Qc3+ Kg6 52. Qd3+ Kg7
53. Qc3+ Kg6 54. Qd3+ Kg7 1/2-1/2

[Event "Paignton Premier"]
[Site "Paignton"]
[Date "2004.09.08"]
[Round "5"]
[White "Berry, Stephen H"]
[Black "Lewyk, Ihor"]
[Result "1-0"]
[WhiteElo "2325"]
[BlackElo "1888"]
[PlyCount "49"]
[EventDate "2004.09.11"]
[EventType "swiss"]
[EventRounds "7"]
[EventCountry "ENG"]
[SourceTitle "EXT 2006"]
[Source "ChessBase"]
[SourceDate "2005.11.24"]
[SourceVersion "1"]
[SourceVersionDate "2005.11.24"]
[SourceQuality "1"]

1. e4 d5 2. exd5 Nf6 3. Be2 Nxd5 4. d4 Bf5 5. Nf3 c6 6. O-O e6 7. c4 Nf6 8. Nc3
Bd6 9. h3 h6 10. Be3 O-O 11. Bd3 Bxd3 12. Qxd3 Nbd7 13. Rad1 Qc7 14. Qd2 Rad8
15. c5 Be7 16. Bf4 Qa5 17. Nd5 Qa4 18. Nxe7+ Kh7 19. b3 Qb5 20. Qc2+ g6 21. a4
Qa5 22. Bd6 Rfe8 23. Ne5 Nxe5 24. dxe5 Nd7 25. Qc4 1-0

[Event "Paignton Premier"]
[Site "Paignton"]
[Date "2004.09.09"]
[Round "6"]
[White "Hempson, Peter W"]
[Black "Berry, Stephen H"]
[Result "0-1"]
[WhiteElo "2172"]
[BlackElo "2325"]
[PlyCount "70"]
[EventDate "2004.09.11"]
[EventType "swiss"]
[EventRounds "7"]
[EventCountry "ENG"]
[SourceTitle "EXT 2006"]
[Source "ChessBase"]
[SourceDate "2005.11.24"]
[SourceVersion "1"]
[SourceVersionDate "2005.11.24"]
[SourceQuality "1"]

1. d4 Nf6 2. c4 e6 3. Nf3 b6 4. g3 Bb7 5. Bg2 Be7 6. O-O O-O 7. Nc3 Na6 8. a3
Ne4 9. Qd3 d5 10. cxd5 exd5 11. Ne5 Nxc3 12. Qxc3 c5 13. Be3 Qc8 14. Rac1 Bf6
15. Nf3 Qe6 16. Qd2 c4 17. Bg5 Rad8 18. Bxf6 Qxf6 19. Ne5 Qe7 20. Rfe1 Rfe8 21.
h4 Nb8 22. Rc3 f6 23. Ng4 Bc8 24. Re3 Qd6 25. Rxe8+ Rxe8 26. Ne3 Be6 27. Rc1
Nc6 28. Rc3 b5 29. Nc2 a5 30. Qf4 Qxf4 31. gxf4 Rd8 32. e3 b4 33. axb4 axb4 34.
Rxc4 dxc4 35. Bxc6 b3 0-1

[Event "Paignton Premier"]
[Site "Paignton"]
[Date "2004.09.10"]
[Round "7"]
[White "Berry, Stephen H"]
[Black "Barton, R Alan"]
[Result "1-0"]
[WhiteElo "2325"]
[BlackElo "2159"]
[PlyCount "111"]
[EventDate "2004.09.11"]
[EventType "swiss"]
[EventRounds "7"]
[EventCountry "ENG"]
[SourceTitle "EXT 2006"]
[Source "ChessBase"]
[SourceDate "2005.11.24"]
[SourceVersion "1"]
[SourceVersionDate "2005.11.24"]
[SourceQuality "1"]

1. b3 e5 2. Bb2 d6 3. e3 Nf6 4. c4 Nc6 5. Nc3 g6 6. Nf3 Bg7 7. d4 exd4 8. Nxd4
Bd7 9. Be2 O-O 10. O-O a6 11. Bf3 Nxd4 12. Qxd4 Ne8 13. Qd2 c6 14. Rad1 Be6 15.
c5 d5 16. e4 Nc7 17. exd5 cxd5 18. Ne2 Qe7 19. Rc1 Rfd8 20. Bxg7 Kxg7 21. Rfd1
Bf5 22. Nd4 Be4 23. Be2 Qf6 24. c6 bxc6 25. Rxc6 Ne6 26. Nxe6+ fxe6 27. Rc7+
Kg8 28. f3 e5 29. fxe4 Qb6+ 30. Kh1 Qxc7 31. exd5 Rd6 32. h3 Rf8 33. Bc4 Qe7
34. Qe2 Qf6 35. Re1 Re8 36. Rf1 Qg5 37. Bxa6 e4 38. Bc4 e3 39. a4 Rf8 40. Re1
Rf2 41. Qg4 Qe5 42. Qc8+ Rf8 43. Qc5 e2 44. Qg1 Rf1 45. Rxf1 exf1=Q 46. Qxf1
Kg7 47. a5 Rf6 48. Qg1 Rf8 49. a6 Qc3 50. a7 Qa5 51. Qd4+ Kh6 52. d6 Re8 53.
Qf4+ Kh5 54. g4+ Kh4 55. g5+ Kxh3 56. Bf1# 1-0

[Event "Paignton Premier"]
[Site "Paignton"]
[Date "2005.09.04"]
[Round "1"]
[White "Berry, Stephen H"]
[Black "Almond, Richard"]
[Result "1-0"]
[WhiteElo "2325"]
[BlackElo "2096"]
[PlyCount "135"]
[EventDate "2005.09.04"]
[EventType "swiss"]
[EventRounds "7"]
[EventCountry "ENG"]
[SourceTitle "EXT 2007"]
[Source "ChessBase"]
[SourceDate "2006.11.23"]
[SourceVersion "1"]
[SourceVersionDate "2006.11.23"]
[SourceQuality "1"]

1. d4 d5 2. Nc3 Nf6 3. Bg5 c6 4. e3 Qb6 5. Rb1 Bf5 6. Bd3 Bxd3 7. cxd3 Nbd7 8.
Nf3 e6 9. O-O Be7 10. e4 h6 11. Bh4 Qd8 12. e5 Nh5 13. Bxe7 Qxe7 14. Qd2 g6 15.
b4 Ng7 16. Ne2 h5 17. h4 O-O 18. Ng3 Rfc8 19. Rfe1 Nf8 20. a3 b6 21. Rec1 a6
22. Rc3 Rc7 23. Qc2 Qd7 24. Rc1 Rac8 25. a4 Ne8 26. Qb2 Qe7 27. R1c2 Nd7 28.
Nf1 Qf8 29. N1d2 c5 30. bxc5 bxc5 31. Qc1 Qe7 32. Nb3 c4 33. dxc4 Qb4 34. c5
Qxa4 35. Nbd2 Qc6 36. Ra3 Rb7 37. Rca2 Ra8 38. Ra1 Nc7 39. Nb3 Rb4 40. Qe3 Rab8
41. Nbd2 Nf8 42. Rb3 R8b5 43. Rxb4 Rxb4 44. Ng5 Qd7 45. Ndf3 Kg7 46. Kh2 Rb2
47. Ra3 Kg8 48. Ng1 Rb7 49. Qc1 Qc6 50. Qa1 Qb5 51. N1h3 Qc4 52. Rf3 Ne8 53.
Rf4 Ng7 54. Qa5 Nf5 55. Qd8 Qb5 56. Rxf5 gxf5 57. Nf4 Qd7 58. Qf6 Qe7 59. Qh6
f6 60. exf6 Qe8 61. f7+ Rxf7 62. Nxf7 Qxf7 63. Qg5+ Kh8 64. Qd8 Kh7 65. c6 Qg7
66. c7 Qxd4 67. Qe7+ Kg8 68. Qg5+ 1-0

[Event "Paignton Premier"]
[Site "Paignton"]
[Date "2005.09.05"]
[Round "2"]
[White "French, Angus"]
[Black "Berry, Stephen H"]
[Result "0-1"]
[WhiteElo "2118"]
[BlackElo "2325"]
[PlyCount "140"]
[EventDate "2005.09.04"]
[EventType "swiss"]
[EventRounds "7"]
[EventCountry "ENG"]
[SourceTitle "EXT 2007"]
[Source "ChessBase"]
[SourceDate "2006.11.23"]
[SourceVersion "1"]
[SourceVersionDate "2006.11.23"]
[SourceQuality "1"]

1. e4 Nf6 2. e5 Nd5 3. c4 Nb6 4. d4 d6 5. exd6 exd6 6. Nc3 Nc6 7. Be3 Be7 8.
Nf3 O-O 9. b3 Bf5 10. Be2 Bf6 11. O-O d5 12. c5 Nc8 13. Qd2 N8e7 14. h3 h6 15.
g4 Bh7 16. Nh2 Re8 17. f4 Nf5 18. gxf5 Rxe3 19. Nf3 Rxf3 20. Bxf3 Bxd4+ 21. Kh2
Bxf5 22. Rad1 Qh4 23. Bg2 Re8 24. Nxd5 Bxc5 25. Rde1 Rd8 26. Qc3 Bd6 27. Qg3
Qxg3+ 28. Kxg3 Be6 29. Kh2 Bxd5 30. Bxd5 g5 31. Kg2 Bxf4 32. Rd1 Rd6 33. h4 Kg7
34. a3 Ne5 35. hxg5 hxg5 36. Bxb7 Rb6 37. Bd5 Ng4 38. Rd3 Rd6 39. Re1 Ne3+ 40.
Rdxe3 Bxe3 41. Bxf7 Rd2+ 42. Kh3 Bf4 43. Bc4 Kf6 44. Re2 Rd1 45. Kg4 Rg1+ 46.
Kf3 Bd6 47. a4 g4+ 48. Ke3 Kg5 49. Bd5 Rd1 50. Bc6 Bc5+ 51. Ke4 Rd4+ 52. Ke5
Rb4 53. Bd5 Bd6+ 54. Ke6 a5 55. Bc4 g3 56. Kd5 Kf4 57. Kd4 Kf3 58. Re3+ Kf2 59.
Re2+ Kf1 60. Ke3 Rb8 61. Rc2+ Kg1 62. Bd5 Rf8 63. Rg2+ Kf1 64. Rb2 Bc5+ 65. Kd3
Re8 66. Bg2+ Kg1 67. Bc6 Re3+ 68. Kc4 Bb4 69. Kd4 Rc3 70. Bd5 Kf1 0-1

[Event "Paignton Premier"]
[Site "Paignton"]
[Date "2005.09.06"]
[Round "3"]
[White "Berry, Stephen H"]
[Black "Barton, R Alan"]
[Result "1-0"]
[WhiteElo "2325"]
[BlackElo "2154"]
[PlyCount "119"]
[EventDate "2005.09.04"]
[EventType "swiss"]
[EventRounds "7"]
[EventCountry "ENG"]
[SourceTitle "EXT 2007"]
[Source "ChessBase"]
[SourceDate "2006.11.23"]
[SourceVersion "1"]
[SourceVersionDate "2006.11.23"]
[SourceQuality "1"]

1. e4 d6 2. d4 g6 3. Nf3 Bg7 4. Bc4 e6 5. Bb3 Ne7 6. O-O b6 7. Re1 h6 8. Nbd2
Nd7 9. Nf1 Bb7 10. Ng3 a6 11. c3 g5 12. Nh5 Bf8 13. h4 Ng6 14. hxg5 hxg5 15.
Nxg5 Qe7 16. Qg4 O-O-O 17. Nxe6 fxe6 18. Qxg6 Qh4 19. Ng3 Bh6 20. Bxe6 Bxc1 21.
Raxc1 Kb8 22. Bh3 Rdg8 23. Qf5 Nf6 24. Qf3 Nxe4 25. Nxe4 Qxh3 26. Qxh3 Rxh3 27.
Ng3 Rh7 28. Re3 a5 29. Rce1 Rgg7 30. b3 a4 31. bxa4 Bc6 32. a5 b5 33. Rc1 Ka7
34. c4 bxc4 35. Rxc4 Bd5 36. Rc2 Ka6 37. Ne4 Rh4 38. f3 Rf4 39. Rce2 Rf8 40.
Kf2 Rfg8 41. g4 Rf7 42. Kg3 Rh8 43. Nc3 Bc4 44. Rh2 Rhf8 45. Rh5 Rf4 46. Rh7 c6
47. Rh6 Rxd4 48. Re4 Rd3 49. Rxc4 Rfxf3+ 50. Kh4 Rxc3 51. Rxc3 Rxc3 52. Rxd6
Kxa5 53. Rd2 c5 54. g5 Rc1 55. Rg2 Rh1+ 56. Kg4 c4 57. g6 Rh8 58. g7 Rg8 59.
Kf5 Kb4 60. Kf6 1-0

[Event "Paignton Premier"]
[Site "Paignton"]
[Date "2005.09.07"]
[Round "4"]
[White "Bigg, Andrew J"]
[Black "Berry, Stephen H"]
[Result "0-1"]
[WhiteElo "2295"]
[BlackElo "2325"]
[PlyCount "60"]
[EventDate "2005.09.04"]
[EventType "swiss"]
[EventRounds "7"]
[EventCountry "ENG"]
[SourceTitle "EXT 2007"]
[Source "ChessBase"]
[SourceDate "2006.11.23"]
[SourceVersion "1"]
[SourceVersionDate "2006.11.23"]
[SourceQuality "1"]

1. d4 Nf6 2. Bg5 e6 3. Nf3 h6 4. Bxf6 Qxf6 5. e4 d6 6. Nbd2 Qd8 7. c3 Be7 8.
Qb3 c6 9. Bd3 Nd7 10. O-O Qc7 11. Ne1 O-O 12. f4 c5 13. Nef3 Qb6 14. Qc2 Nf6
15. Rae1 Bd7 16. Nc4 Qc7 17. e5 Nd5 18. exd6 Bxd6 19. Nfe5 cxd4 20. g4 Bxe5 21.
Nxe5 Ne3 22. Rxe3 dxe3 23. g5 f5 24. gxh6 Bc6 25. Bc4 Rf6 26. Re1 Rd8 27. h7+
Kxh7 28. Rxe3 Qb6 29. Kf2 Rh6 30. Ng4 Be4 0-1

[Event "Paignton Premier"]
[Site "Paignton"]
[Date "2005.09.08"]
[Round "5"]
[White "Berry, Stephen H"]
[Black "Rendle, Thomas"]
[Result "1/2-1/2"]
[WhiteElo "2325"]
[BlackElo "2332"]
[PlyCount "34"]
[EventDate "2005.09.04"]
[EventType "swiss"]
[EventRounds "7"]
[EventCountry "ENG"]
[SourceTitle "EXT 2007"]
[Source "ChessBase"]
[SourceDate "2006.11.23"]
[SourceVersion "1"]
[SourceVersionDate "2006.11.23"]
[SourceQuality "1"]

1. d4 e6 2. e4 d5 3. e5 c5 4. c3 Qb6 5. Nf3 Nc6 6. a3 Nh6 7. b4 cxd4 8. Bxh6
gxh6 9. cxd4 Bg7 10. Nc3 O-O 11. Rc1 f6 12. exf6 Rxf6 13. Be2 Rf8 14. h4 Qd8
15. Na4 Qe8 16. Nc5 Qg6 17. Nb3 Ne7 1/2-1/2